000
00346cam a2200145ua 4500
041
_a
eng
_h
082
_a
590
_b
ALE/BI
100
_a
Alexander, Gordon .
245
_a
Biology /
_c
Gordon Alexander.
_h
Textual Documents
260
_a
New York :
_b
Barnes & Noble ,
_c
1961.
300
_a
253 ; .
504
_a
942
_c
BK
999
_c
8777
_d
8777